| 000 | 00613cam a2200229 i 4500 | ||
|---|---|---|---|
| 001 | 2736712 | ||
| 005 | 20180206084213.0 | ||
| 008 | 780503s1978 nyua b 001 0 eng | ||
| 010 | _a 78009797 | ||
| 020 | _a0442203705 | ||
| 020 | _a0442232101 (pbk.) | ||
| 040 |
_aDLC _cDLC _dDLC |
||
| 041 | _aeng | ||
| 080 | _a658.3142 HIN | ||
| 082 | 0 | 0 | _a658.3142 HIN |
| 100 | 1 | _a54 | |
| 101 | _aMEN | ||
| 245 | 1 | 0 |
_aPractical management for productivity / _cJohn R. Hinrichs. |
| 504 | _aIncludes bibliographical references and index. | ||
| 906 |
_a7 _bcbc _corignew _d1 _eocip _f19 _gy-gencatlg |
||
| 942 |
_2ddc _cBK |
||
| 999 |
_c41942 _d41942 |
||